000 00766nam a2200181 4500
001 121780
003 ES-MaACL
005 20230906191825.0
007 t|
008 070214s1967 sp r ||||1| spa d
100 1 _aPlenderleith, H. J.
_992645
245 1 3 _aLa conservación de antigüedades y obras de arte /
_cH. J. Plenderleith ; versión Arturo Díaz Martos.
260 _aValencia :
_bInstituto Central de Conservación y Restauración de Obras de Arte, Arqueología y Etnología,
_c1967.
300 _aXX, 423 p., 26 lám. ;
_c25 cm.
700 1 _aDíaz Martos, Arturo.
_944346
710 2 _aInstituto Central de Restauración y Conservación de Obras y Objetos de Arte, Arqueología y Etnología (España)
_9163129
852 _aES-MaACL
_jG-5513
_bR.65749
999 _c121780
_d121780